00657cam a22002537a 4500003000500000005001700005008004100022010000900063011000900072035000900081040000900090082001500099100002200114245008000136260002900216300001000245490002200255500001200277650002000289650001700309650002800326700002700354830002200381CHAP20220817040941.0971013s1981 r 00010 d a3315 a4287 a3489 cCHAP a371.3bB6Y00aBourdieu, Pierre.13aLa reproducciónb: elementos para una teoría del sistema de enseñanza aBarcelona :bLaia,c1981 a285 p 0aCol. papelv; 451 aD49-12914aAculturación.14aEnseñanza.14aSociología educativa.0 aPasseron, Jean Claude.0 aCol. papelv; 451